00758nam a2200157 a 450000100100000000500170001000800410002704000250006811000600009324501740015326000600032730000210038704900090040895201660041799900170058300003339520200930070229.0110714s1921 dr 000 0 spa d aDO-SdBNPbspacBNPHU1 aRepública DominicanabFomento y Comunicaciones95834910aMemoria que al Jefe del Gobierno Militar de la República Dominicana, presenta al oficial encargado de la Secretaría de Estado de Fomento y Comunicaciones, 1917-1918. aSanto Domingo :bEl Progreso.. Emiliano Espinal,c1921. a172 p. ;c27 cm. aBNPD 0010718PDaPDbPDcCTd2011-08-25iLF1l0o p33395-10r2020-06-25w2020-06-25yLFPDzPerteneció a la biblioteca personal de Julio Ortega FrierZNo se presta c32886d32886